02046njm a2200397Ia 450000100060000000300090000600500170001500800410003204000130007304000130008604100130009910000110011210000180012310000380014124500460017925000110022526000110023626000430024730000100029030000290030050001510032950502950048051100170077551100180079251100160081051100200082665000460084670000820089270000910097470000870106570000990115270000930125170001080134470000940145270001020154623813IT-RoPAU20220918181119.0131025s9999 xx 000 0 und d aIT-RoPAU cIT-RoPAU aITALIANO aAA.VV. eAutore musica gCodice autore musica SPICS: 12000 aCanti delle nostre regioni (I)-Lp Sm 3282 a1a ed. aMILANO bJOKER - W. GURTLERc1973 [1a Ed.:1973] aDISCO c33 minuti (Testo: pag.) aCanti popolari del Veneto, Liguria, Piemonte, Toscana, Sicilia, Calabria, Lazio, Lombardia, Abruzzo, Emilia Romagna, Marche, Sardegna. Musica Folk aLa domenica andando alla messa - Sciur padrun da li beli braghi bianchi - Maria Gioana - La pampina di l'Oliva - Il fazzolettino - La bella Rusinein - Castellana - Filugnana - Tiribi taraba (3:00) - Piscatore... piscatore (2:00) - Mattinata fiorentina (3:00) - Aritornelli romaneschi (4:00) aParodi Piero aPapponetti M. aCapineri F. aFerri Gabriella aFOLK [DISCHI]eCodice MATERIA SPICS: 9950 aParodi PierodCodice autore musica SPICS: 18025eAutore musicapTiribi taraba aRuju PinodCodice autore testo/musica SPICS: 18026eAutore testo/musicapTiribi taraba aMiosotisdCodice autore musica SPICS: 18027eAutore musicapPiscatore... piscatore aTrama M.dCodice autore testo/musica SPICS: 15632eAutore testo/musicapPiscatore... piscatore aGaldieri MicheledCodice autore musica SPICS: 13370eAutore musicapMattinata fiorentina aLarici (Gili Mario)dCodice autore testo/musica SPICS: 13548eAutore testo/musicapMattinata fiorentina aFerri GabrielladCodice autore musica SPICS: 11544eAutore musicapAritornelli romaneschi aLeoni GuidodCodice autore testo/musica SPICS: 13455eAutore testo/musicapAritornelli romaneschi